Normal view
MARC view
- Shafiq, Hasnain
Entry Personal Name
001 - CONTROL NUMBER
- control field: 113122
003 - CONTROL NUMBER IDENTIFIER
- control field: NUST
005 - DATE AND TIME OF LATEST TRANSACTION
- control field: 20230613110203.0
008 - FIXED-LENGTH DATA ELEMENTS
- fixed length control field: 230613|| aca||aabn | a|a d
040 ## - CATALOGING SOURCE
- Original cataloging agency: NUST
- Transcribing agency: NUST
100 ## - HEADING--PERSONAL NAME
- Personal name: Shafiq, Hasnain
670 ## - SOURCE DATA FOUND
- Source citation: Work cat.: (NUST): Shafiq, Hasnain , Analysis of Issues and Challenges in Establishing and Operating CSIRTs in Pakistan /
